States in the Midwest- Sudden Death - Statistics

General Stats
  • This quiz has been taken 48 times
  • The average score is 7 of 12
Answers on the Grid
Answers color-coded by a green-red scale on the quiz's grid according to % correct below.
Ohio
Michigan
Illinois
Indiana
Iowa
Wisconsin
Kansas
Nebraska
North Dakota
South Dakota
Minnesota
Missouri
Delaware
Wyoming
Colorado
Idaho
Pennsylvania
Kentucky
Oklahoma
Arkansas
Tennessee
Montana
Mississippi
Washington
Ontario
British Columbia
Utah
Oregon
Nevada
Vermont
 
Answer Stats
Answer % Correct
Michigan
80%
Wisconsin
80%
Minnesota
70%
Nebraska
70%
Illinois
60%
Indiana
60%
North Dakota
60%
South Dakota
60%
Iowa
50%
Kansas
50%
Missouri
50%
Ohio
50%
No matching quizzes found
Score Distribution
Percent of People with Each Score
Percentile by Number Answered
Your Score History
You have not taken this quiz